000 00629nam a2200241Ia 4500
005 20220803143811.0
008 131103s9999 xx 000 0 und d
010 _a233965394
040 _aLoreto College
041 _aEnglish
082 _a821.1
_bCHA-ELL
100 _aElliot,Ralph W.V.
245 _aChaucer's English
_cRalph W.V.Elliott
260 _aLondon
_bAndre Deutsch
_c1974
300 _a447 p.
440 _aThe Language Library
504 _aIncludes index
650 _aEnglish Poetry
651 _aMedieval English - Chaucer
700 _aPartridge,Eric,series ed.
850 _aLCLIB
942 _cBK
999 _c13180
_d63659